00682nam a22001815a 450000500170000000800410001702000260005803700430008404000180012710000250014524500780017026000430024827000770029130000300036850000600039852000260045870000160048420100501115513.0090911s2009 ii ab b 100 0 eng d a9788123756370c130.00 bNorth India Publishers & Distributors  aDPLbEnglish  aMohan Sundara Rajan  aTelescopes in India /cby Mohan Sundara Rajan; illustrated by Ajmal Khan  aNew Delhi :bNational Book Trustc2009 aNehru Bhawan, 5 Industrial Area, Phase-I, Vasant KunjbNew Delhie110070 axviii, 329p. c22cm(pbk)  aIncludes glossary, bibliographical reference and index  aContributed articles. aAjmal Khan